Central Cee Charting Songs (Billboard Hot 100) - Statistics

General Stats
  • This quiz has been taken 261 times
    80 since last reset
  • The average score is 4 of 7
Answer Stats
Album Weeks On Peak Artist(s) Song % Correct
Can't Rush Greatness 17 Weeks #18 Central Cee & Lil Baby BAND4BAND
85%
Can't Rush Greatness 2 Weeks #81 Central Cee ft. 21 Savage GBP
68%
MAID OF HONOUR 13 Weeks #23 Drake ft. Central Cee Which One
62%
Y2K! 5 Weeks #51 Ice Spice & Central Cee Did It First
60%
The First Time 6 Weeks #44 Kid LAROI, Jungkook & Central Cee Too Much
31%
Might Delete Later 1 Week #35 J. Cole & Bas ft. Central Cee H.Y.B.
29%
Non-Album Single 1 Week #75 Drake & Central Cee On the Radar Freestyle
28%
No matching quizzes found
Score Distribution
Percent of People with Each Score
Percentile by Number Answered
Your Score History
You have not taken this quiz since the last reset